The sun as a star (Record no. 7207)

MARC details
000 -LEADER
fixed length control field 00688nam a2200169Ia 4500
003 - CONTROL NUMBER IDENTIFIER
control field IN-BaIIA
008 - FIXED-LENGTH DATA ELEMENTS--GENERAL INFORMATION
fixed length control field 211028s9999 xx 000 0 eng d
040 ## - CATALOGING SOURCE
Transcribing agency IIA Library
080 ## - UNIVERSAL DECIMAL CLASSIFICATION NUMBER
Universal Decimal Classification number 523.9
Item number THE
100 ## - MAIN ENTRY--PERSONAL NAME
Personal name Jordan, S.
9 (RLIN) 12348
245 #4 - TITLE STATEMENT
Title The sun as a star
Statement of responsibility, etc. Jordan S.
260 ## - PUBLICATION, DISTRIBUTION, ETC.
Place of publication, distribution, etc. Washington
Name of publisher, distributor, etc. National Aeronautics and Space Administration
Date of publication, distribution, etc. 1981
300 ## - PHYSICAL DESCRIPTION
Extent liv, 518p.
490 ## - SERIES STATEMENT
Series statement Monograph series on nonthermal phenomena in stellar atmospheres
650 ## - SUBJECT ADDED ENTRY--TOPICAL TERM
Topical term or geographic name entry element Solar atmosphere, Solar flares, Solar stellar, Astrophysics,Sunspots, Chromosphere, Solar magnetic field, Radiative transfer, nonthermal phenomena
9 (RLIN) 12349
942 ## - ADDED ENTRY ELEMENTS (KOHA)
Koha item type Books
Holdings
Withdrawn status Lost status Damaged status Not for loan Home library Current library Shelving location Date acquired Total Checkouts Full call number Barcode Date last seen Price effective from Koha item type
        IIA Library-Bangalore IIA Library-Bangalore General Stacks 25/10/1982   523.9/ THE 8007 05/11/2021 25/10/1982 Books

Powered by Koha